[Event "South Wales International"]
[White "Fathallah, Joe"]
[Black "Wilson, Matthew R"]
[Site "Cardiff"]
[Round "10.11"]
[Annotator ""]
[Result "1-0"]
[Date "2017.07.14"]
[WhiteElo "1919"]
[BlackElo "1829"]
[PlyCount "123"]

1. d4 Nf6 2. c4 e6 3. Nc3 d5 4. cxd5 exd5 5. Bg5 Be7 6. e3 h6 7. Bh4 Nbd7 8. Bd3 c6 9. Qc2 Nh5 10. Bxe7 Qxe7 11. Nge2 Nb6 12. h3 Be6 13. b3 a6 14. Bf5 Bxf5 15. Qxf5 Qg5 16. Qxg5 hxg5 17. Kd2 Nf6 18. f3 0-0-0 19. Nc1 g4 20. fxg4 Nxg4 21. Nd3 Nh6 22. Rhf1 Rhe8 23. Nc5 Nd7 24. N3a4 Nxc5 25. Nxc5 f6 26. Rf3 Re7 27. a4 Nf7 28. Raf1 Rde8 29. Rg3 Nd6 30. a5 Kc7 31. Kd3 Rh8 32. Rxg7 Rxg7 33. Ne6+ Kd7 34. Nxg7 Rg8 35. Nf5 Ne4 36. g4 Rh8 37. h4 Rg8 38. Rf4 Ke6 39. Ke2 Nc3+ 40. Kf3 Nb1 41. Kg3 Nd2 42. b4 Ne4+ 43. Kh3 Rh8 44. h5 b6 45. Kh4 bxa5 46. bxa5 Rb8 47. h6 Rb1 48. Kh3 Ng5+ 49. Kg2 Rb2+ 50. Rf2 Rb5 51. Rc2 Kd7 52. Ra2 Rb3 53. Kg3 Rb1 54. Rh2 Rb8 55. Rh1 Ke6 56. Kh4 Kf7 57. Rc1 Rb2 58. Rxc6 Ne4 59. Rc7+ Kg8 60. Kh5 Rg2 61. h7+ Kh8 62. Kh6 1-0

[Event "South Wales International"]
[White "Chong, Kimberly"]
[Black "Brown, Thomas"]
[Site "Cardiff"]
[Round "10.13"]
[Annotator ""]
[Result "0-1"]
[Date "2017.07.14"]
[WhiteElo "1356"]
[BlackElo "2063"]
[PlyCount "90"]

1. e4 c6 2. d4 d5 3. exd5 cxd5 4. Nf3 Nc6 5. c4 Be6 6. Nc3 Nf6 7. cxd5 Nxd5 8. Bb5 Nxc3 9. Bxc6+ bxc6 10. bxc3 g6 11. 0-0 Bg7 12. Be3 0-0 13. Qd2 Bg4 14. Ne5 Bxe5 15. dxe5 Qxd2 16. Bxd2 Rfd8 17. Bg5 Rd7 18. f3 Be6 19. Rfd1 Rxd1+ 20. Rxd1 Bxa2 21. Bxe7 Bd5 22. Rb1 a5 23. Kf2 a4 24. Ke3 a3 25. Ra1 a2 26. Bd6 Kg7 27. Kd4 f6 28. c4 Ra4 29. exf6+ Kxf6 30. Kc3 Rxc4+ 31. Kb2 Be6 32. Re1 Kf7 33. Ba3 Rd4 34. Kc3 Rd5 35. Bb2 Rc5+ 36. Kd2 Bf5 37. Rc1 Rd5+ 38. Ke2 Rb5 39. Bc3 Rb1 40. Re1 Ke6 41. Kd2+ Kd5 42. Re5+ Kc4 43. Ra5 Rg1 44. Ra4+ Kb3 45. Rb4+ Ka3 0-1

[Event "South Wales International"]
[White "Whitehead, Mark A"]
[Black "Bevan, Peter M"]
[Site "Cardiff"]
[Round "10.14"]
[Annotator ""]
[Result "0-1"]
[Date "2017.07.14"]
[WhiteElo "1917"]
[BlackElo "1933"]
[PlyCount "72"]

1. e4 c6 2. d4 d5 3. Nd2 dxe4 4. Nxe4 Nd7 5. Bc4 e6 6. Ng5 Nb6 7. Bb3 Nf6 8. c3 h6 9. N5f3 Bd6 10. Ne2 Qc7 11. 0-0 0-0 12. Re1 Nbd7 13. Ng3 c5 14. Qe2 b6 15. Ne5 Bb7 16. Bd2 Rad8 17. Rac1 Nxe5 18. dxe5 Bxe5 19. Qxe5 Qxe5 20. Rxe5 Rxd2 21. Re2 Rfd8 22. Rce1 Ba6 23. Rxd2 Rxd2 24. Rb1 Ng4 25. Nf1 Bxf1 26. Rxf1 Rxb2 27. h3 Ne5 28. f4 c4 29. fxe5 cxb3 30. axb3 Rxb3 31. Ra1 a5 32. c4 Rc3 33. Rb1 Rxc4 34. Rxb6 Rc5 35. Rb8+ Kh7 36. Rb7 Kg6 0-1

[Event "South Wales International"]
[White "Davis, Lee"]
[Black "Jukes, Sam"]
[Site "Cardiff"]
[Round "10.15"]
[Annotator ""]
[Result "1/2-1/2"]
[Date "2017.07.14"]
[WhiteElo "1952"]
[BlackElo "1730"]
[PlyCount "201"]

1. d4 Nf6 2. g3 g6 3. Bg2 Bg7 4. Nf3 0-0 5. 0-0 d6 6. c4 Nbd7 7. Nc3 e5 8. e4 a5 9. h3 exd4 10. Nxd4 Ne5 11. b3 Bd7 12. Be3 Nc6 13. Nde2 Ne8 14. Rc1 f5 15. exf5 Bxf5 16. Nf4 Nf6 17. Ncd5 Ne5 18. Nxf6+ Qxf6 19. Bxb7 Rae8 20. Bg2 Kh8 21. g4 Bc8 22. Nd5 Qd8 23. f4 Nc6 24. Bf2 Nb4 25. Bd4 Nxd5 26. Bxg7+ Kxg7 27. Qxd5 Qe7 28. Qd4+ Qf6 29. Qxf6+ Rxf6 30. Rc2 Re3 31. g5 Rf7 32. h4 Bg4 33. c5 Bf5 34. Rcc1 Rfe7 35. cxd6 cxd6 36. Rf2 Kf7 37. Rd2 Re2 38. Bd5+ Ke8 39. Rxe2 Rxe2 40. a4 Rd2 41. Bg8 Rd3 42. Rc7 Rf3 43. Rxh7 Rxf4 44. Bf7+ Kf8 45. Bd5 Rd4 46. Rh8+ Ke7 47. Bc6 Bc2 48. Re8+ Kf7 49. Ra8 Rxh4 50. Ra7+ Kf8 51. Rxa5 Bxb3 52. Kf2 d5 53. Kg3 Rd4 54. Ra7 Rc4 55. Bb5 Rd4 56. a5 Rb4 57. Rb7 Ba4 58. a6 Rxb5 59. a7 Ra5 60. Rb8+ Kf7 61. a8=Q Rxa8 62. Rxa8 Bc2 63. Rd8 Ke6 64. Kf4 Be4 65. Rb8 Kd6 66. Rf8 Kc5 67. Ke5 Kc4 68. Rc8+ Kd3 69. Rd8 Ke3 70. Rd6 Kf3 71. Ra6 Kg4 72. Kf6 Kf4 73. Ra4 Kg4 74. Ra7 Kf4 75. Rd7 Kg4 76. Re7 Kf4 77. Rh7 Kg4 78. Rh2 Kg3 79. Rd2 Kf4 80. Rd1 Kg4 81. Rf1 Kh4 82. Rg1 Kh3 83. Ke5 Kh2 84. Rg4 Kh3 85. Kf4 Bf5 86. Rg1 Be4 87. Rg3+ Kh4 88. Ra3 Bf5 89. Ra4 Be4 90. Ra8 Kh3 91. Rh8+ Kg2 92. Re8 Kh3 93. Rh8+ Kg2 94. Rh4 Kf2 95. Rh2+ Bg2 96. Ke5 Kg3 97. Rh6 Be4 98. Rh8 Kg4 99. Kf6 Kf4 100. Rd8 Kg4 101. Rd6 1/2-1/2

[Event "South Wales International"]
[White "Thomas, Roy"]
[Black "Hurn, Robert Aj"]
[Site "Cardiff"]
[Round "10.18"]
[Annotator ""]
[Result "0-1"]
[Date "2017.07.14"]
[WhiteElo "1742"]
[BlackElo "1594"]
[PlyCount "100"]

1. b3 d5 2. Bb2 Bg4 3. h3 Bh5 4. g4 Bg6 5. Nf3 Nd7 6. Bg2 e6 7. d3 c6 8. Nbd2 Qc7 9. c4 Ne7 10. Qc2 f6 11. Nd4 Bf7 12. cxd5 exd5 13. e4 Ne5 14. Ba3 Qd8 15. 0-0-0 N7g6 16. Bxf8 Nxf8 17. Nf5 Ne6 18. Nf3 Nxf3 19. Bxf3 0-0 20. h4 a5 21. Qd2 d4 22. Rdg1 a4 23. b4 c5 24. g5 cxb4 25. gxf6 Rc8+ 26. Kb1 Qxf6 27. Qxb4 Kh8 28. Rc1 b5 29. h5 Qd8 30. Bg4 Nf4 31. Rxc8 Qxc8 32. Rc1 Bxa2+ 33. Kxa2 Qe6+ 34. Ka1 Ra8 35. Qxd4 Qf7 36. Nh6 Qe7 37. Qc3 Qf8 38. Nf5 b4 39. Qc5 Qd8 40. Qd4 Qf8 41. Rc7 Ne6 42. Qe5 Nxc7 43. Qxc7 b3 44. Qd6 Qc8 45. Qa3 Qc3+ 46. Qb2 Qe1+ 47. Qb1 Qxb1+ 48. Kxb1 a3 49. Nd4 a2+ 50. Ka1 b2+ 0-1

[Event "South Wales International"]
[White "Jeanes, Andrew"]
[Black "Chung, Ethan Cheung Jing"]
[Site "Cardiff"]
[Round "10.19"]
[Annotator ""]
[Result "1/2-1/2"]
[Date "2017.07.14"]
[WhiteElo "1622"]
[BlackElo "1348"]
[PlyCount "52"]

1. c4 c5 2. Nc3 Nf6 3. d3 g6 4. e4 Nc6 5. f4 d6 6. Nf3 Bg4 7. Be2 e5 8. h3 Bxf3 9. Bxf3 Bg7 10. 0-0 0-0 11. Be3 Bh6 12. Qd2 Nd4 13. Rf2 Nd7 14. fxe5 Bxe3 15. Qxe3 Nxe5 16. Be2 Nc2 17. Qc1 Nxa1 18. Qxa1 Qg5 19. Nd5 Nd7 20. b3 Qe5 21. Qf1 Kh8 22. Rxf7 Qd4+ 23. Kh2 Qe5+ 24. Kg1 Qe6 25. Qa1+ Qe5 26. Qf1 Qe6 1/2-1/2

[Event "South Wales International"]
[White "O`rourke, Kevin"]
[Black "Cheung, Ryan"]
[Site "Cardiff"]
[Round "10.21"]
[Annotator ""]
[Result "0-1"]
[Date "2017.07.14"]
[WhiteElo "1296"]
[BlackElo "1318"]
[PlyCount "66"]

1. e4 e5 2. Nf3 Nc6 3. d4 exd4 4. Nxd4 Bc5 5. Nf5 Qf6 6. Nc3 Nge7 7. Nd5 Nxd5 8. Qxd5 d6 9. Ne3 Bxe3 10. Bxe3 Qxb2 11. Rc1 Be6 12. Qg5 Bxa2 13. Bd3 Qc3+ 14. Bd2 Qe5 15. 0-0 Qxg5 16. Bxg5 0-0 17. c4 Ne5 18. Be2 a5 19. Ra1 Bxc4 20. Bxc4 Nxc4 21. Rac1 b5 22. f4 a4 23. f5 Rfe8 24. Rfe1 h6 25. Bh4 a3 26. Re2 d5 27. e5 Rxe5 28. Rxe5 Nxe5 29. Ra1 b4 30. Be7 Rb8 31. Kf1 Nc4 32. f6 b3 33. h3 b2 0-1

[Event "South Wales International"]
[White "Emblem, Mark"]
[Black "Orton, Paul"]
[Site "Cardiff"]
[Round "10.22"]
[Annotator ""]
[Result "0-1"]
[Date "2017.07.14"]
[WhiteElo "1567"]
[BlackElo "1615"]
[PlyCount "76"]

1. d4 Nf6 2. Bf4 e6 3. e3 c5 4. c3 Be7 5. Nf3 b6 6. Be2 Bb7 7. Nbd2 cxd4 8. cxd4 d6 9. 0-0 0-0 10. h3 Nbd7 11. Rc1 Rc8 12. Bd3 Nd5 13. Bh2 N7f6 14. a3 Rxc1 15. Qxc1 Qd7 16. Nb3 Rc8 17. Qd2 Bf8 18. e4 Ne7 19. Qe3 d5 20. e5 Ne4 21. Re1 Nf5 22. Qe2 Be7 23. Rc1 Rxc1+ 24. Nxc1 Nh4 25. Nb3 Nxf3+ 26. Qxf3 Qa4 27. Bxe4 dxe4 28. Qc3 Bd5 29. Qc8+ Bf8 30. Nd2 Qd1+ 31. Nf1 Qxd4 32. Qc1 Bc5 33. Bg3 Bb3 34. Ne3 Qd3 35. Bf4 h6 36. h4 Kh7 37. Qf1 Qxf1+ 38. Kxf1 Bd4 0-1